Power and disk drive I.C.

Guardado en:
Autor Corporativo: Hitachi América. Semiconductor & I.C. Division.
Formato: Libro
Idioma:English
Publicado: Brisbane, CA : Hitachi, 1990.
Materias:
Etiquetas: Agregar Etiqueta
Sin Etiquetas, Sea el primero en etiquetar este registro!
LEADER 00664nam a22001935a 4500
001 EIQ.libpla003868
008 080401s1990####caua#####c####000#0#eng#d
005 20080403161429.0
245 0 0 |a Power and disk drive I.C. 
260 |a Brisbane, CA :  |b Hitachi,  |c 1990. 
300 |a xvi, 624 p. :  |b il. ;  |c 24 cm. 
500 |a "Data book". 
710 2 |a Hitachi América.  |b Semiconductor & I.C. Division. 
650 4 |a Electrónica  |x Dispositivos digitales. 
650 4 |a Dispositivos digitales  |x Catálogos. 
650 4 |a Digital devices  |x Catalogs. 
650 4 |a Electronics  |x Digital devices. 
040 |a AR-BbSID  |b spa  |c AR-BbSID 
859 |a AR-BbSID  |b BIB. PLAPIQUI  |h 621.381  |i P 871  |p 4170